Lingüística indoeuropea / (Record no. 87297)

MARC details
000 -LEADER
campo de control de longitud fija 00867nam a2200241 i 4500
001 - NÚMERO DE CONTROL
campo de control 87297
003 - IDENTIFICADOR DE NÚMERO DE CONTROL
campo de control ES-MaACL
005 - FECHA Y HORA DE LA ÚLTIMA TRANSACCIÓN
campo de control 20230906175636.0
007 - CAMPO FIJO DE DESCRIPCIÓN FÍSICA--INFORMACIÓN GENERAL
campo de control de longitud fija t|
008 - DATOS DE LONGITUD FIJA--INFORMACIÓN GENERAL
campo de control de longitud fija 041221s1964 sp ||||1| spa d
100 1# - ENTRADA PRINCIPAL--NOMBRE DE PERSONA
Nombre de persona Krahe, Hans.
9 (RLIN) 68713
245 10 - MENCIÓN DEL TÍTULO
Título Lingüística indoeuropea /
Mención de responsabilidad, etc. Hans Krahe ; traducción de Justo Vicuña Suberviola.
260 ## - PUBLICACIÓN, DISTRIBUCIÓN, ETC.
Lugar de publicación, distribución, etc. Madrid :
Nombre del editor, distribuidor, etc. Instituto "Antonio de Nebrija",
Fecha de publicación, distribución, etc. 1964.
300 ## - DESCRIPCIÓN FÍSICA
Extensión 165 p. ;
Dimensiones 25 cm.
490 1# - MENCIÓN DE SERIE
Mención de serie Manuales y anejos de Emérita ;
Designación de volumen o secuencia 11
500 ## - NOTA GENERAL
Nota general Precede al tít.: Consejo Superior de Investigaciones Científicas.
650 04 - PUNTO DE ACCESO ADICIONAL DE MATERIA--TÉRMINO DE MATERIA
Término de materia o nombre geográfico como elemento de entrada Lenguas indoeuropeas.
9 (RLIN) 14360
700 0# - ENTRADA AGREGADA--NOMBRE PERSONAL
Nombre de persona Vicuña, Justo.
9 (RLIN) 114407
710 2# - ENTRADA AGREGADA--NOMBRE DE ENTIDAD CORPORATIVA
Nombre de entidad corporativa o nombre de jurisdicción como elemento de entrada Consejo Superior de Investigaciones Científicas (España)
9 (RLIN) 3236
830 0# - PUNTO DE ACCESO ADICIONAL DE SERIE-TÍTULO UNIFORME
Título uniforme Manuales y anejos de Emérita ;
Designación de volumen o secuencia 11
9 (RLIN) 183691
852 ## - LOCALIZACIÓN
Ubicación ES-MaACL
Número de control de estantería C-25853
Sublocalización o colección R.54327
Holdings
Estatus retirado Estado de pérdida Estado de daño No para préstamo Biblioteca de origen Biblioteca actual Ubicación en estantería Fecha de adquisición Fuente de adquisición Total de préstamos Signatura topográfica completa Código de barras Visto por última vez Precio de reemplazo Tipo de ítem Koha
        Biblioteca del Ateneo de Madrid Biblioteca del Ateneo de Madrid Depósito 2 17/01/2008     C-25853 1091204 23/02/2023 23/02/2023 Libro impreso